| 000 | 02541nam a2200409I 4500 | ||
|---|---|---|---|
| 001 | ovld002108150 | ||
| 003 | UtOrBLW | ||
| 005 | 20210303085004.0 | ||
| 006 | m o d | ||
| 007 | cr un||||||||| | ||
| 008 | 170609s2017 enk ob 001 0 eng d | ||
| 020 | _a9781787141865 (e-book) | ||
| 040 | _aUtOrBLW | ||
| 043 | _af------ | ||
| 050 | 4 |
_aHG187.5.A2 _bD48 2017 |
|
| 072 | 7 |
_aKJD _2bicssc _2bicssc |
|
| 072 | 7 |
_aBUS025000 _2bisacsh _2bisacsh |
|
| 080 | _a336.7 | ||
| 082 | 0 | 4 |
_a332.1096 _223 |
| 245 | 0 | 0 |
_aDeveloping Africa's financial services : _bthe importance of high-impact entrepreneurship / _cedited by Dana T. Redford. |
| 264 | 1 | _bEmerald Publishing Limited, | |
| 300 | _a1 online resource (280) pages | ||
| 504 | _aIncludes bibliographical references and index. | ||
| 520 | _aAfrica is at a critical moment in its economic development. With the recent decline of commodity prices, it has become apparent that many African economies, which are resource-based, have suffered greatly. The economies of Africa cannot be lifted up only through programs of aid. Indigenous high-impact entrepreneurs are needed, as they know how to best inspire, act as role models for other Africans and serve their fellow entrepreneurs. Entrepreneurial ventures in the financial services sector hold special importance because of the role that they play in the entrepreneurship ecosystem. Financial services are an essential element in powering entrepreneurial activity beyond resource extraction, yet in most sub-Saharan African countries, the financial services sector is relatively nascent compared to developed markets. This book highlights how this is beginning to change. With contributions from leading scholars, it provides inspiring success stories of entrepreneurial financial sector ventures that are making a lasting contribution to the economic development of various sub-Saharan African countries as well as helping the reader understand larger macro-trends. | ||
| 588 | 0 | _aPrint version record | |
| 650 | 0 |
_aFinancial services industry _zAfrica. |
|
| 650 | 0 |
_aEntrepreneurship _zAfrica. |
|
| 650 | 7 |
_aBusiness & Economics _xEntrepreneurship. _2bisacsh |
|
| 650 | 7 |
_aBusiness innovation. _2bicssc |
|
| 700 | 1 |
_aRedford, Dana T., _eeditor. |
|
| 776 | _z9781787141872 | ||
| 856 | 4 | 0 | _uhttps://www.emerald.com/insight/publication/doi/10.1108/9781787141865 |
| 999 |
_c30363 _d30363 |
||